000 00980nam a2200253 i 4500
001 61890
003 ES-MaACL
005 20250831014814.0
008 031114s1944 sp f |||| | spa d
100 1 _aFaulkner, Harold Underwood.
_948946
245 1 0 _aVida del pueblo norteamericano /
_cHarold Underwood Faulkner, Tyler Kepner, Hall Bartlett ; versión española de Ernestina de Champourcin.
250 _a2ª ed. española.
260 _aMéxico :
_bFondo de Cultura Económica,
_c[1944] (
_fGráf. Panamericana)
300 _a398 p., 17 lám. ;
_c25 cm.
490 1 _aColección de obras históricas
651 4 _aEstados Unidos-
_xHistoria
_98540
651 4 _aEstados Unidos-
_xSituación económica
_98572
700 1 _aChampourcin, Ernestina de,
_d1905-1999
_937933
700 1 _aKepner, Tyler.
_967880
700 1 _aBartlett, Hall.
_926139
830 0 _aColección de obras históricas
_9230616
852 _aES-MaACL
_jB-4411
999 _c61890
_d61890